All 6 Letter Words that Begin With I - Statistics

General Stats
  • This quiz has been taken 7 times
  • The average score is 79 of 485
Answer Stats
% Correct
innate
100%
insert
100%
insets
100%
inside
100%
intern
100%
icings
80%
ideals
80%
impair
80%
incest
80%
inched
80%
inches
80%
indent
80%
Indian
80%
indies
80%
inerts
80%
infers
80%
ingest
80%
ingots
80%
injure
80%
injury
80%
inkers
80%
inners
80%
insane
80%
insect
80%
inters
80%
invent
80%
invest
80%
ironed
80%
ironer
80%
ironic
80%
ibexes
60%
icicle
60%
iconic
60%
idlers
60%
idling
60%
igloos
60%
imaged
60%
images
60%
impart
60%
imping
60%
import
60%
inanes
60%
inbred
60%
incels
60%
income
60%
indeed
60%
infill
60%
inject
60%
inking
60%
inland
60%
inlays
60%
inlets
60%
inmate
60%
inputs
60%
insole
60%
instep
60%
instil
60%
inured
60%
inures
60%
invert
60%
invite
60%
irater
60%
itched
60%
itches
60%
ickers
40%
idioms
40%
idiots
40%
idylls
40%
ignite
40%
ignore
40%
imager
40%
imbibe
40%
impact
40%
impede
40%
impels
40%
impend
40%
impest
40%
incept
40%
incite
40%
incurs
40%
indear
40%
indebt
40%
indigo
40%
indite
40%
indole
40%
indoor
40%
infame
40%
infamy
40%
infant
40%
infeed
40%
infest
40%
infold
40%
inform
40%
inhale
40%
injust
40%
inkier
40%
inlist
40%
insist
40%
inspos
40%
intake
40%
intent
40%
intone
40%
intros
40%
invade
40%
iodine
40%
Ionics
40%
irised
40%
irises
40%
irking
40%
irones
40%
italic
40%
itemed
40%
ibises
20%
Icarus
20%
icebox
20%
iceman
20%
icemen
20%
iciest
20%
ickier
20%
ickles
20%
ideate
20%
idents
20%
illest
20%
illume
20%
imbued
20%
imines
20%
impala
20%
impale
20%
impish
20%
imploy
20%
impost
20%
improv
20%
impure
20%
inaner
20%
inbies
20%
inborn
20%
incant
20%
incast
20%
incave
20%
incent
20%
incide
20%
incise
20%
incuse
20%
indris
20%
induce
20%
induct
20%
infall
20%
infect
20%
infelt
20%
inflow
20%
infuse
20%
ingeny
20%
Ingers
20%
ingine
20%
ingles
20%
inhere
20%
inions
20%
inkies
20%
inkles
20%
inlaid
20%
inlier
20%
inroll
20%
instal
20%
insult
20%
insure
20%
intact
20%
intend
20%
intine
20%
intuit
20%
invoke
20%
inwall
20%
inward
20%
inwind
20%
Ionian
20%
ionise
20%
ionize
20%
irenes
20%
irreal
20%
Islams
20%
island
20%
islets
20%
Israel
20%
issued
20%
issuer
20%
issues
20%
izzard
20%
iambic
0%
iambus
0%
Iatmul
0%
iatric
0%
Ibadhi
0%
Ibaloi
0%
Ibanag
0%
Iberic
0%
Iberis
0%
Ibibio
0%
ibidem
0%
icacos
0%
Icenic
0%
ichors
0%
icicas
0%
Idaean
0%
idaein
0%
idants
0%
ideaed
0%
ideata
0%
ideins
0%
ideist
0%
idesia
0%
idgahs
0%
idiasm
0%
idigbo
0%
idiocy
0%
iditol
0%
idleby
0%
idlest
0%
idolum
0%
idoses
0%
Idotea
0%
idunit
0%
ieroes
0%
iffier
0%
ifrits
0%
iftars
0%
Ifugao
0%
Igalas
0%
Igaras
0%
Igbara
0%
Igbira
0%
Igdyrs
0%
ignaro
0%
Igneri
0%
ignomy
0%
ignote
0%
Igorot
0%
iguana
0%
iguape
0%
Ihlats
0%
ihrams
0%
Ikhwan
0%
ilamas
0%
Ilavan
0%
Ilavas
0%
ileons
0%
ilexes
0%
iliaci
0%
Iliads
0%
iliahi
0%
Ilians
0%
iliaus
0%
ilimas
0%
illipe
0%
illipi
0%
illite
0%
illths
0%
illude
0%
illuks
0%
illupi
0%
Ilokos
0%
Imamis
0%
imaret
0%
Imaris
0%
imbarn
0%
imbase
0%
imbats
0%
imbeds
0%
imbrex
0%
imbrue
0%
imbues
0%
imbuia
0%
imbuya
0%
imides
0%
imidic
0%
immane
0%
immask
0%
immerd
0%
immesh
0%
immies
0%
immind
0%
immits
0%
immund
0%
immune
0%
immure
0%
impark
0%
imparl
0%
impawn
0%
imphee
0%
impofo
0%
impone
0%
impose
0%
impreg
0%
impugn
0%
impute
0%
inajas
0%
inanga
0%
inarch
0%
inbond
0%
inbyes
0%
Incaic
0%
incamp
0%
Incans
0%
incarn
0%
incavo
0%
incend
0%
incity
0%
inclip
0%
incony
0%
incubi
0%
incult
0%
indaba
0%
indane
0%
indans
0%
indart
0%
indene
0%
indico
0%
Indics
0%
indict
0%
indign
0%
indium
0%
indrid
0%
indued
0%
indues
0%
indult
0%
induna
0%
indyls
0%
Ineris
0%
inface
0%
infang
0%
infans
0%
infare
0%
infeft
0%
infirm
0%
influx
0%
infula
0%
ingate
0%
inguen
0%
Ingush
0%
inhaul
0%
inhoop
0%
inhume
0%
Iniomi
0%
inisle
0%
injera
0%
inkjet
0%
inkman
0%
inkmen
0%
inkpot
0%
Inkras
0%
inlaik
0%
inlaut
0%
inmesh
0%
inmost
0%
innies
0%
inning
0%
Innuit
0%
Inodes
0%
inogen
0%
inpour
0%
inring
0%
inroad
0%
inruns
0%
inrush
0%
inseam
0%
inship
0%
insoak
0%
insorb
0%
insoul
0%
inspan
0%
instar
0%
insula
0%
intice
0%
intill
0%
intima
0%
intire
0%
intisy
0%
intoed
0%
intomb
0%
intron
0%
Inuits
0%
inulas
0%
inulin
0%
inunct
0%
inunds
0%
Inupik
0%
inurns
0%
inveil
0%
inwale
0%
inwick
0%
inwits
0%
inworn
0%
inwove
0%
inwrap
0%
inyala
0%
iodate
0%
iodide
0%
iodise
0%
iodism
0%
iodize
0%
iodous
0%
iolite
0%
Ionism
0%
ionium
0%
ionone
0%
Iowans
0%
ipecac
0%
Ipidae
0%
ipitis
0%
ipomea
0%
Iquito
0%
irades
0%
Iranic
0%
Iranis
0%
Iraqis
0%
Iravas
0%
Irayas
0%
ireful
0%
irenic
0%
iridal
0%
irides
0%
iridic
0%
iridin
0%
iridis
0%
irishy
0%
irisin
0%
iritis
0%
irofas
0%
irohas
0%
irokos
0%
irrupt
0%
Irulas
0%
iruska
0%
isabel
0%
Isaiah
0%
Isaian
0%
Isaias
0%
isards
0%
Isaria
0%
isatin
0%
Isatis
0%
ischia
0%
Iseult
0%
Isidae
0%
isidia
0%
Isinai
0%
Isinay
0%
Isleta
0%
isling
0%
islots
0%
ismene
0%
isnads
0%
Isnegs
0%
isness
0%
isobar
0%
isogam
0%
isogen
0%
isohel
0%
Isolde
0%
isolog
0%
isolux
0%
isomer
0%
isopag
0%
isopod
0%
isopor
0%
isotac
0%
isotes
0%
isseis
0%
istles
0%
Isurus
0%
itauba
0%
Itnegs
0%
itself
0%
Ivatan
0%
ivraie
0%
ivrays
0%
Ixiles
0%
Ixions
0%
ixnays
0%
Ixodes
0%
ixodic
0%
ixodid
0%
ixoras
0%
iynxes
0%
izards
0%
izotes
0%
izzats
0%
No matching quizzes found
Score Distribution
Percent of People with Each Score
Percentile by Number Answered
Your Score History
You have not taken this quiz